| 000 | 00606nam a22002297a 4500 | ||
|---|---|---|---|
| 003 | OSt | ||
| 005 | 20140312135129.0 | ||
| 008 | 121112t xxu||||| |||| 00| 0 eng d | ||
| 020 | _a9780590108416 | ||
| 050 |
_aPZ 7 _b.Ab131s2 1999 |
||
| 100 |
_aAbbott,Tony _94148 |
||
| 245 |
_aJourney to the Volcano palace / _cTony Abbott. |
||
| 260 |
_aNew York, NY : _bScholastic Inc., _c1999. |
||
| 300 |
_a85 p. : _bill. ; _c19 cm. |
||
| 440 |
_aThe Secrets of Droon _94552 _v#2 |
||
| 521 | _aG2 | ||
| 526 | _c420 | ||
| 562 | _e2 | ||
| 650 |
_aJourney _xJuvenille. _923629 |
||
| 942 |
_2lcc _cBK |
||
| 999 |
_c42960 _d42960 |
||